| 000 | 01312ngm a22003370a 4500 | ||
|---|---|---|---|
| 001 | PT33189 | ||
| 003 | AR-LpoUNG | ||
| 005 | 20210202000434.0 | ||
| 007 | vd cvaizq | ||
| 008 | 191001s2007||||ag |||||||||||||||||spa d | ||
| 040 |
_aAR-LpoUNG _bspa _cAR-LpoUNG _eaacr |
||
| 041 | _aspa | ||
| 044 | _aag | ||
| 082 | 0 | _a305.562 724car | |
| 100 | 1 |
_aGoyeneche, Marcelo _edir. |
|
| 245 | 1 | 0 | _aCarne viva |
| 260 |
_aBuenos Aires : _bs.n., _c2007. |
||
| 300 | _aDVD (60 min.) : son., col. | ||
| 505 | 0 | _aMejor Documental en el Festival Latinoamericano de Cine de Rosario 2007 | |
| 520 | _aUn recorrido por las luchas obreras emprendidas por los trabajadores de la carne, desde la ya legendaria -Toma del Frigorífico- Lisandro de la Torre en 1959 hasta la experiencia del Frigorífico Cooperativa -Yaguané- fabrica recuperada por sus trabajadores. CARNE VIVA recoge el testimonio de sus protagonistas y hace un análisis de los estrechos vínculos que tienen a lo largo de nuestra historia: La carne, la política y la violencia. | ||
| 650 | 4 | _aARGENTINA | |
| 650 | 4 | _aHISTORIA POLITICA | |
| 650 | 4 | _aINDUSTRIA DE LA CARNE | |
| 650 | 4 | _aORGANIZACION DE LOS TRABAJADORES | |
| 651 | 4 | _aArgentina | |
| 653 | _aDOCUMENTALES | ||
| 653 | _aDVD | ||
| 653 | _aVIDEOS | ||
| 905 | _a33189 | ||
| 942 | _cDVD | ||
| 999 |
_c54846 _d54846 |
||